POLYNOMIAL CYCLES IN FINITE EXTENSION FIELDS

Bibliographic Details
Main Authors: Franz, Halter-Koch (Author), Konečná, Petra (Author)
Format: Article
Language:English

MARC

LEADER 00000nab a2200000uu 4500
001 vtls011450703
003 SK-MaSNL
005 20260303151311.0
008 230222|2002 xo |||||||||||||||||eng|
015 |a SNBRB 
035 |a (urnnbn)urn:nbn:sk:snk:ar-006jxo 
035 |a (uuid)67e36309-13fb-4e1e-9001-06936b10a061 
035 |a urn:nbn:sk:snk-abcmty 
040 |a SNKBUCL  |b slo  |c SNKBUCL  |e AACR2 
041 0 |a eng 
044 |a xo  |c SK 
100 1 |a Franz, Halter-Koch  |4 aut  |9 1170697 
245 1 0 |a POLYNOMIAL CYCLES IN FINITE EXTENSION FIELDS  |c Franz Halter-Koch, Petra Konečná 
700 1 |a Konečná, Petra  |4 aut  |9 821567 
773 0 |t Mathematica Slovaca  |g Roč. 52, č. 5 (2002), s. 531-535 
958 |a OND 
958 |a EUIPO 
958 |a article16 
999 |c 2017009  |d 2018939